000 01153 a2200253 4500
005 20260406155416.0
008 260406b |||||||| |||| 00| 0 eng d
020 _a9788173094620 (hbk)
037 _cTB
040 _aCRL
_cCRL
041 _2hin
_ahin
_heng
084 _aO111,3x 152Q0
_qCRL
245 _aअपराध - कथाएँ
260 _aनई दिल्ली, भारत:
_bसस्ता साहित्य मण्डल प्रकाशन,
_c2010.
300 _a211पृ.
546 _aTransleted from English to Hindi
650 _aअंग्रेजी कहानी
_9158967
650 _aअंग्रेजी साहित्य
700 _aबॉण्ड, रस्किन
_eसम्पादक
700 _aशर्मा, सरिता
_eअनुवादक
_91234161
700 _aकश्यप, अभिषेक
_eअनुवादक
_91234162
942 _cTB
_2CC
_hO111,3x 152Q0
999 _c1467338
_d1467338